000 00476nam a22001937a 4500
003 MPLRDC
005 20220104142714.0
008 210129b ||||| |||| 00| 0 eng d
020 _a7-80637-002-1
082 _a411.1 HJ
100 _a黄静编
245 _a女人的健康顾问
_c
250 _a一版一刷
260 _a
_b海南摄影美术出版社
_c1997
300 _b
490 _a生活保健系列丛书
650 _a健康法
942 _cBK
_o411.1 HJ
999 _c33043
_d33033